Mitos y realidades de la conservación del suelo en la Argentina (Registro nro. 22922)

Detalles MARC
000 -LEADER
fixed length control field 00420 a2200133 4500
001 - CONTROL NUMBER
control field ART_5599
005 - DATE AND TIME OF LATEST TRANSACTION
control field 20260410161828.0
008 - FIXED-LENGTH DATA ELEMENTS--GENERAL INFORMATION
fixed length control field 260409a
100 1# - MAIN ENTRY--PERSONAL NAME
Personal name Penna, Julio A.
245 10 - TITLE STATEMENT
Title Mitos y realidades de la conservación del suelo en la Argentina
700 1# - ADDED ENTRY--PERSONAL NAME
Personal name Oliverio, Gustavo
700 1# - ADDED ENTRY--PERSONAL NAME
Personal name Peri, Graciela
773 0# - HOST ITEM ENTRY
Title Estudios Económicos
Related parts - Vol. 7, Nº 13/14 (ene./dic. 1989)
Record control number REV5080

No hay ítems disponibles.